Numbers: rational and irrational / (Record no. 1453)

MARC details
000 -LEADER
fixed length control field 00450cam a2200157 4500
001 - CONTROL NUMBER
control field 1892
005 - DATE AND TIME OF LATEST TRANSACTION
control field 20181127164152.0
008 - FIXED-LENGTH DATA ELEMENTS--GENERAL INFORMATION
fixed length control field 730109s1961 nyua 000 0 eng
010 ## - LIBRARY OF CONGRESS CONTROL NUMBER
LC control number 61006226
100 1# - MAIN ENTRY--PERSONAL NAME
Personal name Niven, Ivan Morton,
Dates associated with a name 1915-
245 10 - TITLE STATEMENT
Title Numbers: rational and irrational /
Statement of responsibility, etc. Ivan Niven.
260 ## - PUBLICATION, DISTRIBUTION, ETC.
Place of publication, distribution, etc. New York :
Name of publisher, distributor, etc. Random House,
Date of publication, distribution, etc. 1961.
300 ## - PHYSICAL DESCRIPTION
Extent 136 p. :
Other physical details ill ;
Dimensions 23 cm.
440 #0 - SERIES STATEMENT/ADDED ENTRY--TITLE
Title New mathematical library,
Volume/sequential designation 1
650 #0 - SUBJECT ADDED ENTRY--TOPICAL TERM
Topical term or geographic name entry element Numbers, Real.
Holdings
Withdrawn status Lost status Source of classification or shelving scheme Damaged status Not for loan Collection code Home library Current library Shelving location Date acquired Serial Enumeration / chronology Inventory number Total Checkouts Full call number Barcode Date last seen Price effective from Koha item type
    Dewey Decimal Classification     Main TEST RTC Library RTC Library Main opac 17/08/2023 1033   512.5 NIV 30002953 17/08/2023 27/11/2018 Main
Royal Thimphu College || All Right Reserved